| 000 | 00900nam a22003017i 4500 | ||
|---|---|---|---|
| 001 | 15215 | ||
| 003 | ES-MaACL | ||
| 005 | 20251207151546.0 | ||
| 007 | t| | ||
| 008 | 000119s1989 sp ||||0| spa j | ||
| 016 | 7 | _zSAB9000098610 | |
| 017 | _aM. 6237-1989 | ||
| 020 | _a84-375-0287-X | ||
| 040 |
_aM-BN-DP _bspa _cM-BN-DP |
||
| 080 | _a316.624 | ||
| 100 | 1 |
_aVarela, Julia. _9113140 |
|
| 245 | 1 | 0 |
_aSujetos frágiles _b: ensayos de sociología de la desviación / _cJulia Varela, Fernando Alvarez-Uría. |
| 250 | _a[1ª ed.]. | ||
| 260 |
_aMéxico : _bFondo de Cultura Económica, _c1989. |
||
| 300 |
_a168 p. ; _c21 cm. |
||
| 490 | 1 | _aPaideia | |
| 504 | _aBibliografía. | ||
| 650 | 1 | 7 |
_aPsicología social _2embne _916573 |
| 700 | 1 |
_aAlvarez-Uría, Fernando _9179408 |
|
| 830 | 0 |
_aPaideia _9179731 |
|
| 852 |
_aES-MaACL _jL-22340 _bR.127732 |
||
| 999 |
_c15215 _d15215 |
||